| 000 | 01177nam0a22003011 4500 | ||
|---|---|---|---|
| 001 | rc\59018 | ||
| 005 | 20250620163826.0 | ||
| 010 |
_a5-605-00497-2 _950000 |
||
| 035 | _a(NLR Aleph) 005335400 | ||
| 090 |
_a6636009 _c6636009 |
||
| 100 | _a20021216d1991 |||y0rusy50 ca | ||
| 101 | 0 | _arus | |
| 102 | _aRU | ||
| 105 | _ay ||||||||| | ||
| 200 | 1 |
_aМузыкальный детектив _eПовесть, рассказы _fГеннадий Долотказин |
|
| 210 |
_aАлма-Ата _cЖазушы _d1991 |
||
| 215 |
_a172, [3] с. _d17 |
||
| 327 | 1 | _aСодерж.: На взморье: Повесть; Разделы: Женское счастье; Биткласс-опера | |
| 464 | 0 |
_12001#$aНа взморье _tНа взморье |
|
| 464 | 0 |
_12001#$aЖенское счастье _tЖенское счастье |
|
| 464 | 0 |
_12001#$aБиткласс-опера _tБиткласс-опера |
|
| 700 | 1 |
_7ca _8rus _aДолотказин _bГ. М. _gГеннадий Михайлович _9221411 _3RU\NLR\AUTH\770221467 |
|
| 801 | 0 |
_aRU _bNLR _gpsbo |
|
| 801 | 1 |
_aRU _bELAR _2rusmarc |
|
| 852 |
_aNLR _j91-2/1696 |
||
| 942 | _cBOOK | ||
| 980 | _aNB | ||